Thực hành Windows server 2000
Nội dung giới thiệu những vấn đề mới trong windows 2000 server, quy hoạch mạng windows 2000 server, cài đặt windows 2000 server, lập cấu hình server.
Đã lưu trong:
| 主要作者: | |
|---|---|
| 格式: | 圖書 |
| 語言: | Undetermined |
| 出版: |
Hà Nội
Thống Kê
2000
|
| 主題: | |
| 標簽: |
添加標簽
沒有標簽, 成為第一個標記此記錄!
|
| Thư viện lưu trữ: | Trung tâm Học liệu Trường Đại học Cần Thơ |
|---|
| LEADER | 00825nam a2200193Ia 4500 | ||
|---|---|---|---|
| 001 | CTU_39736 | ||
| 008 | 210402s9999 xx 000 0 und d | ||
| 082 | |a 005.4 | ||
| 082 | |b D513 | ||
| 100 | |a Nguyễn, Tiến Dũng | ||
| 245 | 0 | |a Thực hành Windows server 2000 | |
| 245 | 0 | |c Nguyễn Tiến Dũng ( chủ biên ) ; Dịch giả: Trần Thế San, Nguyễn Ngọc Ánh | |
| 260 | |a Hà Nội | ||
| 260 | |b Thống Kê | ||
| 260 | |c 2000 | ||
| 520 | |a Nội dung giới thiệu những vấn đề mới trong windows 2000 server, quy hoạch mạng windows 2000 server, cài đặt windows 2000 server, lập cấu hình server. | ||
| 650 | |a Client/server computing,Microsoft windows nt | ||
| 904 | |i Qhieu | ||
| 980 | |a Trung tâm Học liệu Trường Đại học Cần Thơ | ||